Southville International School and Colleges
Your cart is empty.
  • Cart
  • Lists
    Public lists Eva Luna New books Lux_list list_1
    Your lists Log in to create your own lists
  • Log in to your account
  • Your cookies
  • Search history
Southville International School and Colleges
  • Advanced search
  • Recent comments
  • Most popular
  • Libraries

Log in to your account

Log in with GOOGLE


If you do not have an external account, but do have a local account, you can still log in:

  1. Home
  2. MARC view: Teaching reading to English language learners :
Normal view MARC view ISBD view

Teaching reading to English language learners : (Record no. 16341)

[ view plain ]
MARC details
000 -LEADER
fixed length control field 01571cam a2200313 a 4500
001 - CONTROL NUMBER
control field 15277093
003 - CONTROL NUMBER IDENTIFIER
control field OSt
005 - DATE AND TIME OF LATEST TRANSACTION
control field 20140310182819.0
008 - FIXED-LENGTH DATA ELEMENTS--GENERAL INFORMATION
fixed length control field 080425s2009 cau bf 001 0 eng
010 ## - LIBRARY OF CONGRESS CONTROL NUMBER
LC control number 2008019163
020 ## - INTERNATIONAL STANDARD BOOK NUMBER
International Standard Book Number 9781412957342 (cloth : alk. paper)
020 ## - INTERNATIONAL STANDARD BOOK NUMBER
International Standard Book Number 9781412957359 (pbk. : alk. paper)
040 ## - CATALOGING SOURCE
Original cataloging agency DLC
Transcribing agency DLC
Modifying agency DLC
050 00 - LIBRARY OF CONGRESS CALL NUMBER
Classification number LB 1050
Item number .F343 2009
100 1# - MAIN ENTRY--PERSONAL NAME
Personal name Farrell, Thomas S. C.
Fuller form of name (Thomas Sylvester Charles)
245 10 - TITLE STATEMENT
Title Teaching reading to English language learners :
Remainder of title a reflective guide /
Statement of responsibility, etc Thomas S.C. Farrell.
260 ## - PUBLICATION, DISTRIBUTION, ETC. (IMPRINT)
Place of publication, distribution, etc Thousand Oaks, Calif. :
Name of publisher, distributor, etc Corwin Press,
Date of publication, distribution, etc 2009.
300 ## - PHYSICAL DESCRIPTION
Extent 107 p. :
Dimensions 26 cm.
504 ## - BIBLIOGRAPHY, ETC. NOTE
Bibliography, etc Includes bibliographical references (p. 101-103) and index.
505 0# - FORMATTED CONTENTS NOTE
Formatted contents note Teaching reading to ELLs -- Reflecting on the reading process -- Teaching reading fluency and comprehension to ELLs -- Teaching reading strategies to ELLs -- Teaching text structure to ELLs -- Teaching vocabulary to ELLs -- Planning effective reading lessons for ELLs -- Promoting extensive reading for ELLs -- Authentic reading assessment for ELLs.
521 ## - TARGET AUDIENCE NOTE
Target audience note
650 #0 - SUBJECT ADDED ENTRY--TOPICAL TERM
Topical term or geographic name as entry element Reading
Form subdivision Handbooks, manuals, etc.
650 #0 - SUBJECT ADDED ENTRY--TOPICAL TERM
Topical term or geographic name as entry element English language
General subdivision Study and teaching
-- Foreign speakers
Form subdivision Handbooks, manuals, etc.
856 41 - ELECTRONIC LOCATION AND ACCESS
Materials specified Table of contents only
Uniform Resource Identifier <a href="http://www.loc.gov/catdir/toc/ecip0818/2008019163.html">http://www.loc.gov/catdir/toc/ecip0818/2008019163.html</a>
906 ## - LOCAL DATA ELEMENT F, LDF (RLIN)
a 7
b cbc
c orignew
d 1
e ecip
f 20
g y-gencatlg
942 ## - ADDED ENTRY ELEMENTS (KOHA)
Source of classification or shelving scheme Library of Congress Classification
Koha item type Books
Call number prefix Foreign
Holdings
Withdrawn status Lost status Source of classification or shelving scheme Damaged status Home library Current library Shelving location Date acquired Total Checkouts Full call number Barcode Date last seen Copy number Price effective from Koha item type
    Library of Congress Classification   College Library College Library General Circulation Section 03/04/2013   LB 1050 .F343 2009 C10606 05/15/2018 1 03/04/2013 Books

Teaching reading to English language learners :

APA

Farrell T. S. C., . (2009). Teaching reading to English language learners. Thousand Oaks, Calif: Corwin Press.

Chicago

Farrell Thomas S C, . 2009. Teaching reading to English language learners. Thousand Oaks, Calif: Corwin Press.

Harvard

Farrell T. S. C., . (2009). Teaching reading to English language learners. Thousand Oaks, Calif: Corwin Press.

MLA

Farrell Thomas S C, . Teaching reading to English language learners. Thousand Oaks, Calif: Corwin Press. 2009.

  • Place hold
  • Print
  • Cite
  • Add to your cart (remove)
  • Save record
    BIBTEX Dublin Core MARCXML MARC (non-Unicode/MARC-8) MARC (Unicode/UTF-8) MARC (Unicode/UTF-8, Standard) MODS (XML) RIS
  • More searches
    Search for this title in:
    Other Libraries (WorldCat) Other Databases (Google Scholar) Online Stores (Bookfinder.com) Open Library (openlibrary.org)

Exporting to Dublin Core...

SOUTHVILLE LIBRARY

Southville International School and Colleges Library

1281 Tropical Ave. Cor. Luxembourg St., BF Homes International, Las Pinas City

Tel. No. 8256374 / 252358 Loc. 117/146

Powered by Koha